Music, Thought, and Feeling (Record no. 15853)

MARC details
000 -LEADER
fixed length control field 00670nam a22002057a 4500
003 - CONTROL NUMBER IDENTIFIER
control field OSt
005 - DATE AND TIME OF LATEST TRANSACTION
control field 20160321125104.0
008 - FIXED-LENGTH DATA ELEMENTS--GENERAL INFORMATION
fixed length control field 160318b xxu||||| |||| 00| 0 eng d
020 ## - INTERNATIONAL STANDARD BOOK NUMBER
International Standard Book Number 1999473217
040 ## - CATALOGING SOURCE
Original cataloging agency KABU
Transcribing agency KABU
050 ## - LIBRARY OF CONGRESS CALL NUMBER
Classification number ML3830
Item number .T462014
100 ## - MAIN ENTRY--PERSONAL NAME
Personal name Thompson, William Forde
245 ## - TITLE STATEMENT
Title Music, Thought, and Feeling
Remainder of title understanding the psychology of music
Statement of responsibility, etc. William Forde Thompson
250 ## - EDITION STATEMENT
Edition statement 2nd ed.
260 ## - PUBLICATION, DISTRIBUTION, ETC. (IMPRINT)
Place of publication, distribution, etc. Oxford, New York
Name of publisher, distributor, etc. Oxford university press
Date of publication, distribution, etc. 2014
300 ## - PHYSICAL DESCRIPTION
Extent xiii, 386p.
650 ## - SUBJECT ADDED ENTRY--TOPICAL TERM
Topical term or geographic name as entry element Music
General subdivision psychological aspects
650 ## - SUBJECT ADDED ENTRY--TOPICAL TERM
Topical term or geographic name as entry element Musical perception
942 ## - ADDED ENTRY ELEMENTS (KOHA)
Source of classification or shelving scheme Library of Congress Classification
Koha item type General Collection
Edition 2rd ed.
Classification part ML3830
Item part .T46 2014 C.1
Holdings
Withdrawn status Lost status Source of classification or shelving scheme Not for loan Home library Current library Shelving location Date acquired Cost, normal purchase price Total Checkouts Total Renewals Full call number Barcode Date last seen Date last checked out Copy number Price effective from Koha item type
    Library of Congress Classification   Kabarak, Main Campus Kabarak, Main Campus General Stacks 18/03/2016 10440.00 1 1 ML3830 .T462014 026136 09/12/2022 27/08/2021 C.1 18/03/2016 General Collection
Designed with assistance from East African Informatics Ltd